Velká politika a malé firmy

Podpora Európskej komisie malým a stredným podnikom. Priblíženie programu výskumu. Integrované projekty. Ochrana duševného vlastníctva.

Salvato in:
Dettagli Bibliografici
Autore principale: Nosek, Michal
Natura: Capitolo di libro
Lingua:ceco
Soggetti:
Tags: Aggiungi Tag
Nessun Tag, puoi essere il primo ad aggiungerne!!

MARC

LEADER 00000naa a2200000 4500
001 r047215
005 20231004070724.2
041 0 |a cze 
044 |a CZ 
245 1 0 |a Velká politika a malé firmy  |c Michal Nosek 
520 |a Podpora Európskej komisie malým a stredným podnikom. Priblíženie programu výskumu. Integrované projekty. Ochrana duševného vlastníctva. 
610 2 0 |a podnik malý 
610 2 0 |a podnik stredný 
610 2 0 |a programy výskumné 
610 2 0 |a projekty 
610 2 0 |a vlastníctvo duševné 
610 2 0 |a veda 
610 2 0 |a výskum 
610 2 0 |a Česko 
610 2 0 |a Európska únia 
100 1 |a Nosek, Michal